Statystyki dla Dla jakiego klubu gra ten piłkarz? #1

Kliknij tutaj aby rozwiązać quiz!

Ogólne statystyki

  • Ten quiz został rozwiązany 440 razy
  • Średni wynik to 10 z 22

Statystyki odpowiedzi

PiłkarzKlub% Poprawnych
Kostas ManolasAS Roma
89%
Luke ShawManchester United
88%
Alvaro OdriozolaReal Madryt
83%
Achraf HakimiBorussia Dortmund
77%
Robert GumnyLech Poznań
77%
Nabil FekirOlympique Lyon
71%
Alex TellesFC Porto
70%
Aaron Van BissakaCrystal Palace
69%
Theo WalcottEverton
67%
Gelson MartinsAS Monaco
51%
Joel ValenciaPiast Gliwice
38%
Oliver BaumannHoffenheim
37%
Patryk LipskiLechia Gdańsk
33%
Jose Luis MoralesLevante
31%
Kiko CasillaLeeds United
29%
Shinji KagawaBesiktas
28%
Kevin MirallasFiorentina
10%
Claudio MarchisioZenit Petersburg
10%
Alex KralSlavia Praga
9%
Danny LatzaFSV Mainz 05
8%
Neto BorgesGenk
5%
Wesley LautoaDijon
2%

Rozkład punktacji

Percentyl według liczby udzielonych odpowiedzi

Procent ludzi z każdym wynikiem

Twoja historia wyników

Nie rozwiązałeś tego quizu